Исследование эффектов обработки интенсивной пластической деформацией конструкционных сплавов; Функциональные материалы: разработка, исследование, применение

Dades bibliogràfiques
Parent link:Функциональные материалы: разработка, исследование, применение.— 2018.— [С. 21]
Autor principal: Ахметшин Л. Р.
Autor corporatiu: Национальный исследовательский Томский государственный университет (ТГУ)
Altres autors: Козулин А. А. (научный руководитель)
Sumari:Заглавие с экрана
Idioma:rus
Publicat: 2018
Col·lecció:Методы исследования и изготовления функциональных материалов
Matèries:
Accés en línia:http://earchive.tpu.ru/handle/11683/50369
Format: MixedMaterials Electrònic Capítol de llibre
KOHA link:https://koha.lib.tpu.ru/cgi-bin/koha/opac-detail.pl?biblionumber=627287

MARC

LEADER 00000naa2a2200000 4500
001 627287
005 20231101133444.0
035 |a (RuTPU)RU\TPU\conf\27049 
035 |a RU\TPU\conf\27047 
090 |a 627287 
100 |a 20180827d2018 k y0rusy50 ca 
101 0 |a rus 
102 |a RU 
105 |a y z 101zy 
135 |a drgn ---uucaa 
181 0 |a i  
182 0 |a b 
200 1 |a Исследование эффектов обработки интенсивной пластической деформацией конструкционных сплавов  |f Л. Р. Ахметшин  |g науч. рук. А. А. Козулин 
203 |a Текст  |c электронный 
225 1 |a Методы исследования и изготовления функциональных материалов 
230 |a 1 компьютерный файл (pdf; 152 Kb) 
300 |a Заглавие с экрана 
320 |a [Библиогр.: с. 21 (2 назв.)] 
463 0 |0 (RuTPU)RU\TPU\conf\26927  |t Функциональные материалы: разработка, исследование, применение  |o сборник тезисов докладов V Всероссийского конкурса научных докладов студентов, г. Томск, г. Тамбов, 22-23 мая 2018 г.  |f Национальный исследовательский Томский политехнический университет (ТПУ) ; Национальный исследовательский Томский государственный университет (ТГУ) ; Тамбовский государственный университет имени Г. Р. Державина ; ред. кол. А. Ю. Годымчук, Н. И. Каракчеева, А. А. Гусев  |v [С. 21]  |d 2018 
610 1 |a электронный ресурс 
610 1 |a обработка 
610 1 |a деформации 
610 1 |a пластическая деформация 
610 1 |a конструкционные сплавы 
610 1 |a численное моделирование 
610 1 |a напряженно-деформированные состояния 
700 1 |a Ахметшин  |b Л. Р. 
702 1 |a Козулин  |b А. А.  |4 727 
712 0 2 |a Национальный исследовательский Томский государственный университет (ТГУ)  |c (2009- )  |2 stltpush  |3 (RuTPU)RU\TPU\col\17230 
801 2 |a RU  |b 63413507  |c 20180904  |g RCR 
856 4 |u http://earchive.tpu.ru/handle/11683/50369 
942 |c BK